Construction contracts: law and management. -- 4th ed. (Record no. 79766)

MARC details
000 -LEADER
fixed length control field 00863nam a2200193 a 4500
008 - FIXED-LENGTH DATA ELEMENTS--GENERAL INFORMATION
fixed length control field 120925s2008 ||||||||||||||||| || u
020 ## - INTERNATIONAL STANDARD BOOK NUMBER
International Standard Book Number 9780415393690
050 ## - LIBRARY OF CONGRESS CALL NUMBER
Classification number KD 175.C6 Mur
100 ## - MAIN ENTRY--PERSONAL NAME
Personal name Hughes, Will
245 10 - TITLE STATEMENT
Title Construction contracts: law and management. -- 4th ed.
Statement of responsibility, etc. by John Murdoch and Will Hughes
250 ## - EDITION STATEMENT
Edition statement 4th ed.
260 ## - PUBLICATION, DISTRIBUTION, ETC.
Place of publication, distribution, etc. London:
Name of publisher, distributor, etc. Taylor & Francis
Date of publication, distribution, etc. 2008
300 ## - PHYSICAL DESCRIPTION
Extent xxvi, 401p.: ill.
500 ## - GENERAL NOTE
General note Donated by Counsellor Kang'ombe
650 ## - SUBJECT ADDED ENTRY--TOPICAL TERM
Topical term or geographic name entry element CONSTRUCTION CONTRACTS--GREAT BRITAIN
700 ## - ADDED ENTRY--PERSONAL NAME
Personal name Murdoch, John
995 ## -
-- MAIN LIBRARY OPEN ACCESS
-- 743389
-- CBU-MAIN LIBRARY (Kitwe)
-- KD 175.C6 Mur
-- 2
-- AVAILABLE
-- Oct 4, 2012
-- 743389
-- Main Library Open Access Collection
995 ## -
-- MAIN LIBRARY OPEN ACCESS
-- 743388
-- CBU-MAIN LIBRARY (Kitwe)
-- KD 175.C6 Mur
-- 1
-- AVAILABLE
-- Oct 4, 2012
-- 743388
-- Main Library Open Access Collection
999 ## -
-- 79766
-- 79766
Holdings
Withdrawn status Lost status Source of classification or shelving scheme Damaged status Not for loan Permanent Location Current Location Shelving location Date acquired Total Checkouts Full call number Barcode Date last seen Copy number Price effective from Koha item type
          CBU-MAIN LIBRARY, KITWE. CBU-MAIN LIBRARY, KITWE.   06/29/2023   KD 175.C6 Mur 743389 06/29/2023 1 06/29/2023 MONOGRAPH
          CBU-MAIN LIBRARY, KITWE. CBU-MAIN LIBRARY, KITWE.   06/29/2023   KD 175.C6 Mur 743388 06/29/2023 2 06/29/2023 MONOGRAPH